00848nam a2200253 a 4500020001500000040000800015082002600023100002400049245003000073260004600103300004100149500004600190500002000236520015100256650001400407650002700421650001900448650001400467650002700481650001900508700002300527700002000550700002400570 a0026650401 cDLC00a306 BEN 1984 A109 Or.1 aRiker, Audrey Palm.10aMarried and single life / aPeoria, Ill. :bBennett Pub. Co.,cc1984. a416 p. :bill. (some col.) ;c24 cm. aRev. ed. of: Married life. 2nd ed. c1976. aIncludes index. aA practical guide for planning and preparing for life as a single adult, as a married couple, and as part of a family or other group arrangements. 0aMarriage. 0aFamily life education. 0aSingle people. 1aMarriage. 1aFamily life education. 1aSingle people.1 aBrisbane, Holly E.1 aRiker, Charles.1 aRiker, Audrey Palm.